005000000a22001810004500050000800000060000800008082001200016100001600028100002400044100001500068245006400083260001800147260000900165300000800174942000700182999001900189952011000208 a010 a100 a577 ASH aAsha, Sinha aManisha, Srivastava aSharma, BK aMicrobial biodiversity of natural ecosystem: modern trends aBiotech Books c2012 a565 cBK c368252d368252 00104070aKAUCOAVbKAUCOAVd2014-05-02l0o577 ASHpKAU_COAV-28277r2014-05-02 00:00:00w2014-05-02yBK